[Event "Marianske Lazne op"]
[Site "Marianske Lazne"]
[Date "2020.01.21"]
[Round "4"]
[White "Lazniewski, Tadeusz"]
[Black "Peglau, Charis"]
[Result "1/2-1/2"]
[WhiteElo "1487"]
[BlackElo "1784"]
[PlyCount "61"]
[EventDate "2020.01.18"]
[EventType "swiss"]
[EventRounds "9"]
[EventCountry "CZE"]
[SourceTitle "EXT 2021"]
[Source "ChessBase"]
[SourceDate "2020.10.23"]
[SourceVersion "1"]
[SourceVersionDate "2020.10.23"]
[SourceQuality "1"]

1. e4 c6 2. d4 d5 3. Nc3 dxe4 4. Nxe4 Nf6 5. Nxf6+ exf6 6. c3 Bd6 7. Bd3 Be6 8. Qc2 Nd7 9. Ne2 Qc7 10. Be3 0-0-0 11. Qa4 a6 12. c4 Nb6 13. Qc2 Bb4+ 14. Kf1 Na8 15. a3 Bf8 16. Rc1 c5 17. d5 Bd7 18. Ng3 h5 19. Qd2 g5 20. Ne4 Be7 21. Bb1 Be8 22. b4 cxb4 23. axb4 Kb8 24. h4 Nb6 25. Qd4 Nc8 26. hxg5 h4 27. Nxf6 Bxb4 28. Bf4 Bd6 29. Bxd6 Nxd6 30. Qf4 Rc8 31. Bf5 1/2-1/2

[Event "Marianske Lazne op"]
[Site "Marianske Lazne"]
[Date "2020.01.20"]
[Round "3"]
[White "Burda, Otto"]
[Black "Lazniewski, Tadeusz"]
[Result "1/2-1/2"]
[WhiteElo "1804"]
[BlackElo "1487"]
[PlyCount "40"]
[EventDate "2020.01.18"]
[EventType "swiss"]
[EventRounds "9"]
[EventCountry "CZE"]
[SourceTitle "EXT 2021"]
[Source "ChessBase"]
[SourceDate "2020.10.23"]
[SourceVersion "1"]
[SourceVersionDate "2020.10.23"]
[SourceQuality "1"]

1. d4 d5 2. c4 e6 3. Nc3 c6 4. Nf3 dxc4 5. a4 Bb4 6. e3 b5 7. Bd2 a5 8. Be2 Nf6 9. Qc2 0-0 10. 0-0 Bb7 11. Ne5 Nbd7 12. f4 Bxc3 13. bxc3 Nb6 14. Bf3 Nxa4 15. Nxc4 Nd5 16. Rfb1 Qc7 17. Ne5 f6 18. Nd3 Nab6 19. Nc5 Rfd8 20. Nxb7 Qxb7 1/2-1/2

[Event "Baltic Pearl op 15th"]
[Site "Lazy"]
[Date "2019.06.29"]
[Round "7"]
[White "Lazniewski, Tadeusz"]
[Black "Pyzio, Amelia"]
[Result "1/2-1/2"]
[WhiteElo "1518"]
[BlackElo "1616"]
[PlyCount "50"]
[EventDate "2019.06.23"]
[EventType "swiss"]
[EventRounds "9"]
[EventCountry "POL"]
[SourceTitle "CBM 191 Extra"]
[Source "ChessBase"]
[SourceDate "2019.09.30"]
[SourceVersion "1"]
[SourceVersionDate "2019.09.30"]
[SourceQuality "1"]

1. e4 e5 2. Nf3 Nc6 3. Nc3 Nf6 4. Bb5 a6 5. Bxc6 dxc6 6. Nxe5 Nxe4 7. Nxe4 Qd4 8. 0-0 Qxe5 9. Re1 Be6 10. d4 Qf5 11. Ng3 Qd5 12. b3 0-0-0 13. Bb2 c5 14. c4 Qg5 15. d5 h5 16. Re5 Qg6 17. Qb1 Bd7 18. Qxg6 fxg6 19. h3 Rh6 20. Bc1 Rh8 21. Bg5 Bd6 22. Re3 Rde8 23. Rae1 Rxe3 24. Rxe3 Re8 25. Rxe8+ Bxe8 1/2-1/2

[Event "Baltic Pearl op 15th"]
[Site "Lazy"]
[Date "2019.06.26"]
[Round "4"]
[White "Zabron, Maksym"]
[Black "Lazniewski, Tadeusz"]
[Result "1-0"]
[WhiteElo "1804"]
[BlackElo "1518"]
[PlyCount "97"]
[EventDate "2019.06.23"]
[EventType "swiss"]
[EventRounds "9"]
[EventCountry "POL"]
[SourceTitle "CBM 191 Extra"]
[Source "ChessBase"]
[SourceDate "2019.09.30"]
[SourceVersion "1"]
[SourceVersionDate "2019.09.30"]
[SourceQuality "1"]

1. d4 d5 2. c4 e6 3. Nc3 c6 4. e3 Nf6 5. Nf3 Bd6 6. Qc2 0-0 7. b3 b6 8. Bd3 Re8 9. Bb2 Bb7 10. 0-0 Nbd7 11. e4 dxe4 12. Nxe4 Nxe4 13. Bxe4 Nf6 14. Ne5 Bxe5 15. dxe5 Nxe4 16. Qxe4 Qg5 17. Ba3 Qg6 18. Qxg6 hxg6 19. c5 b5 20. Rfd1 Red8 21. Rd6 Rxd6 22. cxd6 Bc8 23. Bc5 a6 24. f4 Rb8 25. Rc1 Bd7 26. Bb4 Ra8 27. Ba5 Ra7 28. Kf2 Rb7 29. Ke3 Kh7 30. Kd4 Rb8 31. Rc3 Kg8 32. g4 Kh7 33. g5 Kg8 34. Kc5 Kh7 35. Bc7 Rb7 36. Kb4 Kg8 37. Ka5 b4 38. Rc4 Rb5+ 39. Kxa6 Bc8+ 40. Ka7 Rb7+ 41. Ka8 Rb5 42. Rd4 Bd7 43. Ka7 Kf8 44. Bb6 Ke8 45. Rc4 Rd5 46. Kb7 Rb5 47. Kc7 c5 48. Rxc5 Rxc5+ 49. Bxc5 1-0

[Event "EU Union-ch U14"]
[Site "Kouty nad Desnou"]
[Date "2018.08.14"]
[Round "8"]
[White "Lazniewski, Tadeusz"]
[Black "Subjakova, Kristina"]
[Result "1/2-1/2"]
[WhiteElo "1433"]
[BlackElo "1616"]
[PlyCount "143"]
[EventDate "2018.08.07"]
[EventType "swiss"]
[EventRounds "9"]
[EventCountry "CZE"]
[SourceTitle "CBM 186 Extra"]
[Source "ChessBase"]
[SourceDate "2018.08.24"]
[SourceVersion "1"]
[SourceVersionDate "2018.08.24"]
[SourceQuality "1"]

1. e4 e5 2. Nf3 Nc6 3. Nc3 Nf6 4. d4 exd4 5. Nxd4 d6 6. Bb5 Bd7 7. Nxc6 Bxc6 8. Bxc6+ bxc6 9. 0-0 Be7 10. Re1 0-0 11. Bg5 h6 12. Bh4 Re8 13. Qf3 Nd7 14. Bxe7 Qxe7 15. Rad1 Ne5 16. Qe2 Qg5 17. g3 Ng6 18. Qe3 Qxe3 19. Rxe3 Ne5 20. b3 Ng4 21. Re2 Ne5 22. f4 Ng4 23. h3 Nf6 24. g4 Rad8 25. Rd4 Nd7 26. Ra4 Ra8 27. Ra6 Nb8 28. Ra4 f6 29. Rc4 Kf7 30. Kf2 Ke6 31. Na4 Kd7 32. Rd4 Kc8 33. Rd3 Nd7 34. Rde3 Kb7 35. Kf3 Re7 36. Nb2 Rae8 37. Nc4 g5 38. f5 Ne5+ 39. Nxe5 Rxe5 40. c4 Kb6 41. b4 d5 42. exd5 Rxe3+ 43. Rxe3 Rxe3+ 44. Kxe3 cxd5 45. cxd5 Kb5 46. Kd4 Kxb4 47. d6 cxd6 48. Kd5 Ka3 49. Kxd6 Kxa2 50. Ke6 Kb3 51. Kxf6 a5 52. Ke7 a4 53. f6 a3 54. f7 a2 55. f8Q a1Q 56. Qb8+ Kc2 57. Qc7+ Kd3 58. Qd6+ Ke3 59. Qxh6 Qa7+ 60. Kf6 Kf3 61. Kxg5 Qe3+ 62. Kh5 Qe8+ 63. Qg6 Qh8+ 64. Qh6 Qe8+ 65. Kg5 Qe3+ 66. Kg6 Qe6+ 67. Kg7 Qe7+ 68. Kg8 Kg3 69. Qg7 Qd8+ 70. Qf8 Qd5+ 71. Qf7 Qd8+ 72. Kg7 1/2-1/2

[Event "EU Union-ch U14"]
[Site "Kouty nad Desnou"]
[Date "2017.08.22"]
[Round "4"]
[White "Ravlusevic, Evelina"]
[Black "Lazniewski, Tadeusz"]
[Result "0-1"]
[WhiteElo "1612"]
[BlackElo "1325"]
[PlyCount "128"]
[EventDate "2017.08.19"]
[EventType "swiss"]
[EventRounds "9"]
[EventCountry "CZE"]
[SourceTitle "CBM 180 Extra"]
[Source "ChessBase"]
[SourceDate "2017.10.06"]
[SourceVersion "1"]
[SourceVersionDate "2017.10.06"]
[SourceQuality "1"]

1. d4 d5 2. c4 e6 3. Nc3 Nf6 4. Nf3 Be7 5. Bf4 0-0 6. e3 Nbd7 7. Bd3 c5 8. 0-0 cxd4 9. exd4 dxc4 10. Bxc4 Nb6 11. Bb3 Nh5 12. Be3 Nd5 13. Nxd5 exd5 14. Ne5 Nf6 15. Qd3 a6 16. Rac1 Bd7 17. Bg5 Bb5 18. Qf3 Bxf1 19. Rxf1 Ne4 20. Bxe7 Qxe7 21. Qd3 Nf6 22. Re1 Qb4 23. Rd1 Qb5 24. Qf3 Rac8 25. h3 h6 26. Qf5 Qe2 27. Rb1 Qe4 28. Qxe4 dxe4 29. Rd1 Rcd8 30. a3 g5 31. g3 Kg7 32. Rc1 Rc8 33. Rd1 b5 34. d5 Rcd8 35. Nc6 Rd6 36. Ne7 Rd7 37. d6 Ne8 38. Nf5+ Kg6 39. g4 Ng7 40. Ne7+ Kh7 41. Bd5 Re8 42. Bxe4+ Kh8 43. Bc2 Ne6 44. b4 Nf4 45. Kh2 Ng6 46. Nc6 Re6 47. Bf5 Rdxd6 48. Bxe6 Rxd1 49. Bxf7 Kg7 50. Bb3 Rd3 51. Bc2 Rxa3 52. Be4 Nf4 53. f3 Ra2+ 54. Kg1 Nxh3+ 55. Kf1 Ra1+ 56. Ke2 Nf4+ 57. Ke3 Ne6 58. Kd3 Ra3+ 59. Ke2 Kf6 60. Kf2 Nf4 61. Bf5 Rc3 62. Be4 Rb3 63. Kg3 Rb2 64. Bf5 Rg2# 0-1

[Event "EU Union-ch U14 15th"]
[Site "Mureck"]
[Date "2017.08.10"]
[Round "9"]
[White "Schilay, Maria"]
[Black "Lazniewski, Tadeusz"]
[Result "0-1"]
[WhiteElo "1365"]
[BlackElo "1325"]
[PlyCount "116"]
[EventDate "2017.08.02"]
[EventType "swiss"]
[EventRounds "9"]
[EventCountry "AUT"]
[SourceTitle "CBM 180 Extra"]
[Source "ChessBase"]
[SourceDate "2017.10.06"]
[SourceVersion "1"]
[SourceVersionDate "2017.10.06"]
[SourceQuality "1"]

1. e4 e5 2. Nf3 Nc6 3. Nc3 Nf6 4. a3 a6 5. d4 exd4 6. Nxd4 Bc5 7. Nxc6 bxc6 8. Bc4 0-0 9. 0-0 d6 10. Bg5 Re8 11. Qf3 Be6 12. Bb3 Rb8 13. Bxf6 Qxf6 14. Qxf6 gxf6 15. Bxe6 Rxe6 16. Rab1 Bd4 17. g3 Bxc3 18. bxc3 Rxb1 19. Rxb1 Rxe4 20. Kf1 Ra4 21. Rb3 c5 22. Ke2 c4 23. Rb4 Rxa3 24. Rxc4 c5 25. Kd2 Ra1 26. Rf4 Kg7 27. c4 Rh1 28. h4 Rb1 29. Rf3 Rb6 30. Ra3 Kg6 31. Ke3 f5 32. f3 h5 33. f4 f6 34. c3 Kf7 35. Kd3 Ke7 36. Ke3 Kd7 37. Kd2 Kc6 38. Kd3 Kb7 39. Kc2 Ka7 40. Kc1 Rb8 41. Kd2 Rg8 42. Ke2 Rxg3 43. Kf2 Rg4 44. Kf3 Rxh4 45. Kg3 Rg4+ 46. Kf3 Rg8 47. Kf2 h4 48. Ra1 h3 49. Rh1 Rh8 50. Kg3 h2 51. Rxh2 Rxh2 52. Kxh2 a5 53. Kh3 a4 54. Kh4 a3 55. Kh5 a2 56. Kg6 a1Q 57. Kxf6 Qb1 58. Ke6 Qd3 0-1

[Event "EU Union-ch U14 15th"]
[Site "Mureck"]
[Date "2017.08.05"]
[Round "4"]
[White "Bounlom, Jannik"]
[Black "Lazniewski, Tadeusz"]
[Result "1/2-1/2"]
[WhiteElo "1822"]
[BlackElo "1325"]
[PlyCount "60"]
[EventDate "2017.08.02"]
[EventType "swiss"]
[EventRounds "9"]
[EventCountry "AUT"]
[SourceTitle "CBM 180 Extra"]
[Source "ChessBase"]
[SourceDate "2017.10.06"]
[SourceVersion "1"]
[SourceVersionDate "2017.10.06"]
[SourceQuality "1"]

1. e4 e5 2. Nf3 Nc6 3. d4 exd4 4. Nxd4 Nf6 5. Nxc6 bxc6 6. e5 Qe7 7. Qe2 Nd5 8. c4 Nb6 9. b3 Bb7 10. Bb2 a5 11. a3 c5 12. Nc3 a4 13. Nb5 Qd8 14. Nd6+ Bxd6 15. exd6+ Kf8 16. Be5 c6 17. Qb2 f6 18. Bf4 Qe8+ 19. Be3 Ba6 20. 0-0-0 Rb8 21. Bxc5 Nxc4 22. Bxc4 Bxc4 23. b4 Qg6 24. g3 Re8 25. Be3 Bd5 26. Rhe1 Kf7 27. Rd4 Bb3 28. Re2 Qh5 29. Rh4 Qd5 30. Qd2 Qxd2+ 1/2-1/2

[Event "POL-chT U20 2nd League"]
[Site "Szczyrk"]
[Date "2017.07.28"]
[Round "9.80"]
[White "Jaszczuk, Mateusz"]
[Black "Lazniewski, Tadeusz"]
[Result "1/2-1/2"]
[WhiteElo "1472"]
[BlackElo "1422"]
[PlyCount "27"]
[EventDate "2017.07.22"]
[EventType "team-swiss"]
[EventRounds "11"]
[EventCountry "POL"]
[SourceTitle "EXT 2019"]
[Source "ChessBase"]
[SourceDate "2018.10.10"]
[SourceVersion "1"]
[SourceVersionDate "2018.10.10"]
[SourceQuality "1"]

1. e4 e5 2. d4 exd4 3. Qxd4 Nc6 4. Qe3 Nf6 5. Nc3 Bb4 6. Bd2 d6 7. 0-0-0 Bc5 8. Qg3 Nh5 9. Qf3 Nf6 10. Qg3 Nh5 11. Qf3 Nf6 12. Qg3 Nh5 13. Qf3 Nf6 14. Qg3 1/2-1/2

[Event "POL-chT U20 2nd League"]
[Site "Szczyrk"]
[Date "2017.07.26"]
[Round "7.91"]
[White "Szachowicz, Mateusz"]
[Black "Lazniewski, Tadeusz"]
[Result "0-1"]
[WhiteElo "1090"]
[BlackElo "1422"]
[PlyCount "76"]
[EventDate "2017.07.22"]
[EventType "team-swiss"]
[EventRounds "11"]
[EventCountry "POL"]
[SourceTitle "EXT 2019"]
[Source "ChessBase"]
[SourceDate "2018.10.10"]
[SourceVersion "1"]
[SourceVersionDate "2018.10.10"]
[SourceQuality "1"]

1. e4 e5 2. Nf3 Nc6 3. d4 exd4 4. Bc4 Nf6 5. Ng5 d5 6. exd5 Na5 7. Bb3 Nxb3 8. axb3 Qxd5 9. 0-0 Be6 10. Nxe6 fxe6 11. Re1 Bd6 12. Qe2 e5 13. Nd2 0-0 14. Nc4 b6 15. Nxe5 Rfe8 16. Bf4 Nd7 17. Qc4 Qxc4 18. bxc4 Bxe5 19. Bxe5 Nxe5 20. b3 a5 21. Re4 Nc6 22. Rae1 Rxe4 23. Rxe4 a4 24. h3 a3 25. Re1 a2 26. Ra1 Nb4 27. c3 dxc3 28. Kf1 Nc2 29. Rc1 a1Q 30. Rxa1 Rxa1+ 31. Ke2 Nb4 32. Kf3 c2 33. g4 c1Q 34. Kg3 Qc3+ 35. Kh4 Rh1 36. Kg5 Qe5+ 37. Kh4 g5+ 38. Kh5 Rxh3# 0-1

[Event "POL-chT U20 2nd League"]
[Site "Szczyrk"]
[Date "2017.07.24"]
[Round "4.86"]
[White "Lazniewski, Tadeusz"]
[Black "Matloka, Milosz"]
[Result "1-0"]
[WhiteElo "1422"]
[BlackElo "1300"]
[PlyCount "153"]
[EventDate "2017.07.22"]
[EventType "team-swiss"]
[EventRounds "11"]
[EventCountry "POL"]
[SourceTitle "EXT 2019"]
[Source "ChessBase"]
[SourceDate "2018.10.10"]
[SourceVersion "1"]
[SourceVersionDate "2018.10.10"]
[SourceQuality "1"]

1. e4 c5 2. c3 e6 3. d4 cxd4 4. cxd4 Nf6 5. Nc3 Bb4 6. Bd3 Nc6 7. Nf3 0-0 8. Bg5 Qa5 9. Bd2 Qc7 10. 0-0 a6 11. a3 Be7 12. Rc1 d5 13. e5 Nd7 14. Ne1 f5 15. Ne2 b5 16. Nf4 Nb6 17. Qc2 Bd7 18. Nxe6 Qb7 19. Nxf8 Rxf8 20. Nf3 Rc8 21. Qb1 Nc4 22. Bxc4 bxc4 23. Bc3 Na7 24. Rfe1 Be6 25. Qc2 Rb8 26. Rb1 Qb6 27. h3 Nc6 28. Qd2 Qd8 29. g3 Qe8 30. Ng5 Qg6 31. Nxe6 Qxe6 32. Kh2 g5 33. Kg2 Kf7 34. Qe2 Kg6 35. g4 Rf8 36. Qc2 Kg7 37. f3 h6 38. Rf1 f4 39. Qa4 Nd8 40. Bb4 Rf7 41. Bxe7 Rxe7 42. Qa5 Nb7 43. Qb4 Kf7 44. b3 Rc7 45. bxc4 dxc4 46. Qc3 Qc6 47. Rfc1 a5 48. Qxc4+ Qxc4 49. Rxc4 Rxc4 50. Rxb7+ Ke6 51. Rb6+ Ke7 52. d5 Rc5 53. Rd6 a4 54. Re6+ Kd7 55. Rxh6 Rxd5 56. Ra6 Rxe5 57. Rxa4 Kc6 58. Ra8 Kb7 59. Ra4 Kb6 60. Re4 Rd5 61. Re2 Ka5 62. Re4 Kb6 63. Kf2 Rd2+ 64. Re2 Rd5 65. a4 Ka5 66. Re4 Rd2+ 67. Ke1 Rd5 68. Ke2 Rc5 69. Kd3 Rd5+ 70. Rd4 Rc5 71. Ke4 Rc3 72. Rd5+ Kxa4 73. Rxg5 Rc4+ 74. Kf5 Kb3 75. Rg8 Kc3 76. Re8 Kd3 77. h4 1-0

[Event "POL-chT U20 2nd League"]
[Site "Szczyrk"]
[Date "2017.07.22"]
[Round "1.9"]
[White "Redzisz, Michal"]
[Black "Lazniewski, Tadeusz"]
[Result "0-1"]
[WhiteElo "1954"]
[BlackElo "1422"]
[PlyCount "50"]
[EventDate "2017.07.22"]
[EventType "team-swiss"]
[EventRounds "11"]
[EventCountry "POL"]
[SourceTitle "EXT 2019"]
[Source "ChessBase"]
[SourceDate "2018.10.10"]
[SourceVersion "1"]
[SourceVersionDate "2018.10.10"]
[SourceQuality "1"]

1. e4 e5 2. Nf3 Nc6 3. Bc4 Bc5 4. c3 Nf6 5. d4 exd4 6. cxd4 Bb4+ 7. Nc3 Nxe4 8. 0-0 Bxc3 9. d5 Ne7 10. bxc3 Nd6 11. Bb3 0-0 12. Qd3 Ng6 13. Bc2 Re8 14. h4 Nf8 15. Ba3 b6 16. Rae1 Rxe1 17. Rxe1 Bb7 18. g3 Qf6 19. Ng5 Qg6 20. Qe2 Qf6 21. Qd3 Qg6 22. Bxd6 cxd6 23. c4 Qxd3 24. Bxd3 f6 25. Ne4 Ba6 0-1

[Event "Lazy op 13th"]
[Site "Lazy"]
[Date "2017.07.04"]
[Round "9"]
[White "Lazniewski, Tadeusz"]
[Black "Bochniak, Jakub"]
[Result "1-0"]
[WhiteElo "1422"]
[BlackElo "1338"]
[PlyCount "69"]
[EventDate "2017.06.25"]
[EventType "swiss"]
[EventRounds "9"]
[EventCountry "POL"]
[SourceTitle "EXT 2018"]
[Source "ChessBase"]
[SourceDate "2017.10.13"]
[SourceVersion "1"]
[SourceVersionDate "2017.10.13"]
[SourceQuality "1"]

1. e4 e5 2. Nf3 Nc6 3. Bc4 Nd4 4. c3 Nxf3+ 5. Qxf3 Nf6 6. d4 d6 7. h3 Be7 8. 0-0 0-0 9. Rd1 Be6 10. Bb3 Nd7 11. d5 Bxh3 12. Qxh3 Bg5 13. Bxg5 Qxg5 14. Qxd7 f5 15. Nd2 Qf4 16. Bc2 Qg4 17. Nf1 Rf7 18. Qa4 Qe2 19. exf5 g6 20. Qe4 Qh5 21. fxg6 Rf4 22. gxh7+ Kh8 23. Qg6 Qh4 24. Qg3 Qh5 25. Ne3 Raf8 26. Rf1 Rh4 27. f3 Rhf4 28. Bg6 Qh6 29. Nf5 R4xf5 30. Bxf5 Qe3+ 31. Rf2 Qh6 32. Qg6 Qf4 33. Be6 Qf6 34. Qg8+ Rxg8 35. hxg8Q# 1-0

[Event "EU Union-ch U12 14th"]
[Site "Mureck"]
[Date "2016.08.11"]
[Round "9"]
[White "Fraser, Susanna"]
[Black "Lazniewski, Tadeusz"]
[Result "1-0"]
[WhiteElo "1527"]
[BlackElo "1213"]
[PlyCount "111"]
[EventDate "2016.08.03"]
[EventType "swiss"]
[EventRounds "9"]
[EventCountry "AUT"]
[SourceTitle "CBM 174 Extra"]
[Source "ChessBase"]
[SourceDate "2016.10.10"]
[SourceVersion "1"]
[SourceVersionDate "2016.10.10"]
[SourceQuality "1"]

1. d4 d5 2. Nc3 Nf6 3. Bg5 Nbd7 4. f3 h6 5. Bh4 c5 6. e4 dxe4 7. fxe4 Qb6 8. e5 Nh7 9. Nd5 Qa5+ 10. Qd2 Qxd2+ 11. Kxd2 Kd8 12. Rd1 g5 13. Bg3 e6 14. Nf6 Nhxf6 15. exf6 cxd4 16. Kc1 Bc5 17. Nf3 a6 18. Nxd4 Re8 19. Bc4 h5 20. Rhe1 Bxd4 21. Rxd4 b5 22. Be2 e5 23. Rd2 h4 24. Bf2 Kc7 25. Bf3 e4 26. Rxe4 Rxe4 27. Bxe4 Rb8 28. Ba7 Nxf6 29. Bxb8+ Kxb8 30. Bd3 g4 31. Rf2 Nd5 32. Rxf7 Ne3 33. g3 h3 34. Kd2 Ng2 35. Bf5 Bxf5 36. Rxf5 Kb7 37. Rg5 Kc6 38. Rxg4 a5 39. Rg6+ Kd7 40. Rh6 Ke7 41. Rxh3 Kf6 42. Rh5 b4 43. Ke2 a4 44. Kf2 a3 45. b3 Kg6 46. Rb5 Kf6 47. Kxg2 Ke6 48. Kf3 Kf6 49. Ke4 Kg6 50. Kf4 Kf6 51. Rb6+ Kf7 52. Ke5 Kg7 53. Kf5 Kh7 54. Kg5 Kh8 55. Kg6 Kg8 56. Rb8# 1-0

[Event "EU Union-ch U12 14th"]
[Site "Mureck"]
[Date "2016.08.09"]
[Round "7"]
[White "Lazniewski, Tadeusz"]
[Black "Toplisek, Maj"]
[Result "0-1"]
[WhiteElo "1213"]
[BlackElo "1177"]
[PlyCount "64"]
[EventDate "2016.08.03"]
[EventType "swiss"]
[EventRounds "9"]
[EventCountry "AUT"]
[SourceTitle "CBM 174 Extra"]
[Source "ChessBase"]
[SourceDate "2016.10.10"]
[SourceVersion "1"]
[SourceVersionDate "2016.10.10"]
[SourceQuality "1"]

1. e4 c5 2. c3 g6 3. d4 b6 4. Nf3 Bg7 5. Be3 Qc7 6. Bc4 e6 7. e5 Ne7 8. dxc5 Nf5 9. Bf4 Qxc5 10. Be2 Nc6 11. b4 Qe7 12. Bg5 Qf8 13. Bb5 Nxe5 14. Nxe5 Bxe5 15. Bc6 Rb8 16. Be4 d5 17. Bxf5 gxf5 18. Qa4+ Bd7 19. Qxa7 Qg7 20. f4 Bxc3+ 21. Nxc3 Qxc3+ 22. Kf2 Qd4+ 23. Kg3 Rc8 24. Raf1 h6 25. Bh4 Rg8+ 26. Kh3 Qg7 27. Bg5 hxg5 28. Kg3 gxf4+ 29. Kxf4 Qd4+ 30. Kf3 Rc3+ 31. Ke2 Rxg2+ 32. Ke1 Rc1# 0-1

[Event "EU Union-ch U12 14th"]
[Site "Mureck"]
[Date "2016.08.07"]
[Round "5"]
[White "Lazniewski, Tadeusz"]
[Black "Urbanc, Tina"]
[Result "1/2-1/2"]
[WhiteElo "1213"]
[BlackElo "1419"]
[PlyCount "89"]
[EventDate "2016.08.03"]
[EventType "swiss"]
[EventRounds "9"]
[EventCountry "AUT"]
[SourceTitle "CBM 174 Extra"]
[Source "ChessBase"]
[SourceDate "2016.10.10"]
[SourceVersion "1"]
[SourceVersionDate "2016.10.10"]
[SourceQuality "1"]

1. e4 b6 2. d4 Bb7 3. Bd3 Nf6 4. Nd2 e6 5. Ngf3 c5 6. c3 Be7 7. 0-0 0-0 8. Re1 Nc6 9. Nf1 Qc7 10. Ng3 Rac8 11. a3 h6 12. Be3 d6 13. Rc1 Qd7 14. Qe2 Na5 15. Nd2 Rc7 16. Rc2 Rfc8 17. Rcc1 cxd4 18. Bxd4 Nc6 19. Be3 Ne5 20. Bb5 Bc6 21. Bxc6 Qxc6 22. Red1 Nc4 23. Nxc4 Qxc4 24. Qxc4 Rxc4 25. Rd4 Rxd4 26. cxd4 Rxc1+ 27. Bxc1 d5 28. e5 Ne8 29. Ne2 Nc7 30. Nc3 f6 31. f4 Kf7 32. Kf2 Kg6 33. Kg3 Kf5 34. Kf3 g5 35. g3 g4+ 36. Ke3 h5 37. Kd3 a6 38. b4 b5 39. Ke3 Na8 40. Nd1 Nb6 41. Nb2 fxe5 42. dxe5 Nc4+ 43. Nxc4 dxc4 44. Bb2 Bd8 45. Bd4 1/2-1/2

[Event "EU Union-ch U12 14th"]
[Site "Mureck"]
[Date "2016.08.05"]
[Round "3"]
[White "Lazniewski, Tadeusz"]
[Black "Stijve, Niels"]
[Result "0-1"]
[WhiteElo "1213"]
[BlackElo "1624"]
[PlyCount "116"]
[EventDate "2016.08.03"]
[EventType "swiss"]
[EventRounds "9"]
[EventCountry "AUT"]
[SourceTitle "CBM 174 Extra"]
[Source "ChessBase"]
[SourceDate "2016.10.10"]
[SourceVersion "1"]
[SourceVersionDate "2016.10.10"]
[SourceQuality "1"]

1. e4 Nf6 2. e5 Nd5 3. d4 d6 4. c4 Nb6 5. exd6 cxd6 6. Nc3 g6 7. Be3 Nc6 8. d5 Ne5 9. Bd4 f6 10. Bxe5 fxe5 11. Nf3 Bg4 12. h3 Bxf3 13. Qxf3 Bg7 14. Bd3 Bf6 15. 0-0 0-0 16. Qg4 Qc8 17. Qe4 Bg5 18. Qe2 a5 19. a4 Bh6 20. Ne4 Nd7 21. Bc2 Nc5 22. Nc3 Na6 23. Ne4 Qc7 24. b3 Nb4 25. Bb1 Qb6 26. Rd1 Na6 27. Bc2 Nc5 28. Nxc5 Qxc5 29. Qe1 Rxf2 30. Kh1 Rxc2 31. Qh4 Qf2 32. Qxf2 Rxf2 33. Kg1 Be3 34. Kh1 Bd4 35. Rac1 Raf8 36. Kh2 Rb2 37. Rb1 Rff2 38. Rxb2 Rxb2 39. Rd3 Kf7 40. Rf3+ Kg7 41. Kg3 e4 42. Rf4 Be5 43. h4 Bxf4+ 44. Kxf4 Rxb3 45. Kxe4 Kf6 46. g4 g5 47. h5 Rb4 48. Kd4 Rxa4 49. Kc3 Rb4 50. Kd4 b5 51. Kc3 bxc4 52. Kc2 Rb3 53. Kc1 c3 54. Kc2 a4 55. Kc1 Rb2 56. Kd1 a3 57. Kc1 a2 58. Kd1 a1Q# 0-1

[Event "EU Union-ch U12 14th"]
[Site "Mureck"]
[Date "2016.08.03"]
[Round "1"]
[White "Lazniewski, Tadeusz"]
[Black "Kristoferitsch, Daniel"]
[Result "0-1"]
[WhiteElo "1213"]
[BlackElo "1587"]
[PlyCount "94"]
[EventDate "2016.08.03"]
[EventType "swiss"]
[EventRounds "9"]
[EventCountry "AUT"]
[SourceTitle "CBM 174 Extra"]
[Source "ChessBase"]
[SourceDate "2016.10.10"]
[SourceVersion "1"]
[SourceVersionDate "2016.10.10"]
[SourceQuality "1"]

1. e4 e6 2. d4 d5 3. Nd2 c5 4. exd5 Qxd5 5. Ngf3 Nf6 6. Bc4 Qd6 7. dxc5 Qxc5 8. 0-0 Bd6 9. Bd3 0-0 10. Nb3 Qc7 11. h3 a6 12. Bd2 Nbd7 13. Re1 b6 14. a4 Bb7 15. Nbd4 e5 16. Nf5 e4 17. Nxd6 Qxd6 18. Be3 exd3 19. cxd3 Bxf3 20. gxf3 Nd5 21. Rc1 Nxe3 22. Rxe3 Rae8 23. Qe2 Rxe3 24. Qxe3 Nc5 25. Rc4 Qxd3 26. Qxd3 Nxd3 27. Rc6 Rb8 28. b3 Kf8 29. Rd6 Nc5 30. a5 bxa5 31. Rc6 Rb5 32. Kg2 Nxb3 33. Rxa6 Nc5 34. Ra7 a4 35. f4 Rb3 36. f3 a3 37. Kg3 Ne4+ 38. Kg4 Nc3 39. Kg3 a2 40. Kg4 Rb1 41. Kg3 a1Q 42. Rxa1 Rxa1 43. Kg4 g6 44. Kg5 Kg7 45. Kg4 Rg1+ 46. Kh4 Kh6 47. f5 g5# 0-1

[Event "POL-chT U19 Wielkopolskie"]
[Site "Poland"]
[Date "2016.04.02"]
[Round "6.16"]
[White "Lazniewski, Tadeusz"]
[Black "Juralowicz, Jarema"]
[Result "1/2-1/2"]
[WhiteElo "1186"]
[BlackElo "1012"]
[PlyCount "59"]
[EventDate "2016.02.13"]
[EventType "team-tourn"]
[EventRounds "9"]
[EventCountry "POL"]
[SourceTitle "EXT 2019"]
[Source "ChessBase"]
[SourceDate "2018.10.10"]
[SourceVersion "1"]
[SourceVersionDate "2018.10.10"]
[SourceQuality "1"]

1. e4 c5 2. c3 d6 3. d4 cxd4 4. cxd4 g6 5. Nc3 Bg7 6. Nf3 a6 7. Be3 Nf6 8. Bd3 0-0 9. 0-0 Nc6 10. d5 Nb8 11. Rc1 Bg4 12. h3 Bxf3 13. Qxf3 Nbd7 14. Qe2 Ne5 15. f4 Nxd3 16. Qxd3 Qd7 17. b3 Rac8 18. Na4 Rxc1 19. Rxc1 Qb5 20. Qxb5 axb5 21. Nc3 b4 22. Na4 Nxe4 23. Rc7 e6 24. dxe6 fxe6 25. Rxb7 e5 26. fxe5 Bxe5 27. Rxb4 Ng3 28. Bf2 Ne2+ 29. Kf1 Ng3+ 30. Kg1 1/2-1/2